000 01717nam0a2200397 4500
001 RU\NLR\bibl\386676
005 20250622155328.0
010 _a5-89308-085-8
_91000
021 _aRU
_b2002-68055
_93294
035 _a(NLR Aleph) 000381030
090 _a455720
_c455720
100 _a20030402d2002 |||y0rusy50 ca
101 0 _arus
102 _aRU
105 _ay |||||||||
200 1 _aОсновы обучения грамоте по "Азбуке" и "Моим первым тетрадкам"
_eМетод. пособие для учителя
_fН. М. Бетенькова, Д. С. Фонин
210 _aСмоленск
_cАссоц. XXI в.
_d2002
215 _a199,[1] с.
_d21
225 1 _aГармония
604 _1700#1$aБетенькова$bН. М.$4070
_1701#1$aГорецкий$bВ. Г.$gВсеслав Гаврилович$4070
_1701#1$aФонин$bД. С.$4070
_150000$aАзбука$2psbo
_aБетенькова, Н. М.
_tАзбука
606 0 _aГрамота
_xОбучение
_xМетодика
_xНачальная школа
_9899559
_3RU\NLR\auth\66326834
610 0 _aГрамота - Методика обучения
610 0 _aРусский язык - Метод. пособия для начальной школы
675 _a373.3.016:811.161.1
_v3
_zrus
686 _a14.23
_2rugasnti
686 _a74.268.1Рус
_2rubbk
686 _aЧ426.131(2)0
700 1 _aБетенькова
_bН. М.
_4070
701 1 _aФонин
_bД. С.
_4070
801 0 _aRU
_bRKP
_c20030402
_gPSBO
801 1 _aRU
_bRKP
_c20030402
801 2 _aRU
_bNLR
_c20030423
_grcr
942 _cBOOK
980 _aNB
980 _aNBR